00925cam a22002771 450000100060000000300080000600500170001400800390003102000150007003500190008503500180010404000380012204100080016008200200016810000350018824500320022325000120025526000640026730000290033149000280036050400500038865100420043894200120048099900170049295201380050925337BD-RjUL20211209050850.0140318r19661965enkf 001 0 eng a0510110010 a(BD-RjUL)25406 a(OCoLC)494544 aDLCcODefCdUkdDLCdBD-RjULbeng aeng a915.2bSTJ 19661 aStorry, Richard,d1913-97789700aJapan /cby Richard Storry. a1st ed. aLondon :bOxford University Press,cc1965 [Reprinted 1966]. a127 p. :bill. ;c19 cm.0 aThe Modern world series aIncludes bibliography (p. 121-122) and index. 0aJapanxDescription and travel.971921 2ddccBK c25337d25337 00102ddc40728NFICaRUCLbRUCLcReadingd1967-12-05eIdeal Lib.g6.75l0o915.2 STJ 1966r2014-03-18 00:00:00tC-1w2014-03-18yBK